00796nam a22002297a 450000500170000001000150001702000260003203500130005803700130007108200110008424501120009525000060020726000530021327000540026630000200032070000200034070000210036070000190038194200250040099900170042595201240044220150805122100.0 aENG-113137 a9788179103425c650.00 aEN-96669 bDBAD/PUB a338.04 aInspirational thoughts for entrepreneurs /ccompiled by Rajesh Kaushik, Upendra Kaushik [and] Shakshi Arora a. aJaipurbAavishkar Publishers, Distributorsc2011 a807, Vyas Building, Chaura Rasta,bJaipure302003 a194p.c22cm(Hb) aKaushik, Rajesh aKaushik, Upendra aArora, Shakshi 2ddccENmINSh338.04 c93804d93804 001040718NFICaDBADbDBADd2015-05-20eDBAD/PUBg650.00l0o338.04 INSpEN-96669r2015-05-20 00:00:00t1v650.00yEN